00378 2200157 4500245004800000020002200048250001000070700002100080650002000101005001900121260003900140041001400179084000800193300001000201336000900211 aWorld Ghost StoriescMaharani AudityahText a978-602-394-083-7 aCet.4 aMaharani Auditya aFiksi Indonesia a20241023145752 aJakartabBhuana Ilmu Populerc2017 aIndonesia a700 a200 : atext